Civil Elegies and other poems

Salvato in:
Dettagli Bibliografici
Autore principale: Lee, Dennis
Natura: Libro
Lingua:Undetermined
Pubblicazione: Toronto, Canadá Anansi 1972
Soggetti:
Tags: Aggiungi Tag
Nessun Tag, puoi essere il primo ad aggiungerne!!

MARC

LEADER 00000nam a2200000Ia 4500
008 170316s9999 xx 000 0 und d
040 |a cru BVZT 
090 |a 818 L-15c 
100 |a Lee, Dennis 
245 |a Civil Elegies and other poems 
260 |a Toronto, Canadá 
260 |b Anansi 
260 |c 1972 
300 |a 59 páginas 
650 |a LITERATURA CANADIENSE 
942 |c 15 D 
999 |c 6510  |d 6510